Face à Face - Villes françaises - Statistiques

Statistiques générales
  • Ce quiz a été pris 40 fois
  • Le résultat moyen est 11 sur 15
Statistiques - réponses
Question Réponse % Correct
Quelle ville a comme surnom "La cité des Papes" ? Avignon
97%
Quelle ville a une base de la Marine nationale ? Toulon
94%
Quelle ville a un aéroport en commun avec Bale et Fribourg ? Mulhouse
89%
Quelle ville a comme animal symbole un sanglier ? Sedan
83%
Quelle ville possède un métro ? Toulouse
83%
Quelle ville a été ville hôte des J.O. ? Chamonix
78%
Quelle ville est une préfecture ? Vesoul
78%
Quelle ville est la préfecture de la Haute-Corse ? Bastia
75%
Quelle ville est la plus peuplée de Guadeloupe ? Les Abymes
75%
Quelle ville est la plus peuplée (population municipale)? Dijon
72%
Quelle ville a le plus grand stade de foot ? Le Mans
67%
Quelle ville est là plus au nord ? Angers
61%
Quelle ville a la plus haute tour ? Rennes
61%
Quelle ville est la troisième ville la plus peuplée des Pyrénées-Atlantiques ? Anglet
56%
Quelle ville a le plus gagnée de Ligue Magnus (Hockey sur glace) ? Rouen
39%
Aucun quiz correspondant
Distribution des résultats
% des personnes avec chaque résultat
Percentile par nombre de réponses
Votre historique - résultats
Vous n’avez pas pris ce quiz